Programa sectorial higiene i seguretat a les platges : PCAL 1996-1997 / PCAL 1996-1997 /
Descripción Física:
26 f. fotocopiats ; 29,5 cm
MARC
| LEADER | 00000nam a2200000Ia 4500 | ||
|---|---|---|---|
| 001 | 17203 | ||
| 008 | 160829s1997 xx 000 0 cat d | ||
| 080 | |a FU-32-20 | ||
| 245 | |a Programa sectorial higiene i seguretat a les platges : |b PCAL 1996-1997 / | ||
| 260 | |a Barcelona : |b Servei de Salut Pública i Consum, |c 1997 | ||
| 300 | |a 26 f. fotocopiats ; |c 29,5 cm | ||
| 650 | |a Programa d'Higiene i Seguretat a les Platges |9 32246 | ||
| 650 | |a Platges |x Aspectes higiènics |9 32247 | ||
| 650 | 0 | |a Platges |x Mesures de seguretat |9 45228 | |
| 650 | |a Seguretat ciutadana |x Barcelona (Província) |9 32249 | ||
| 710 | |a Barcelona (Catalunya : Província). |b Servei de Salut Pública i Consum |9 8151 | ||
| 901 | |a Arxiu | ||
| 942 | |n 1 | ||
| 952 | |0 0 |1 0 |4 0 |6 FU3220 |7 1 |9 48718 |a Arxiu |b Arxiu |d 2016-12-01 |l 0 |o FU-32-20 |p 17203 |r 2016-12-01 00:00:00 |w 2016-12-01 |y ARXIU | ||
| 999 | |c 52549 |d 52549 | ||